mysqli: Table './ulib62015/stat_globaluid' is marked as crashed and should be repaired
select id from stat_globaluid where statuid='20260518005025_1807'
mysqli: Table './ulib62015/stat_globaluid' is marked as crashed and should be repaired
DELETE FROM stat_globaluid
WHERE id NOT IN (
SELECT id
FROM (
SELECT id
FROM stat_globaluid
ORDER BY id DESC
LIMIT 100
) foo
);
mysqli: Table './ulib62015/stat_globaluid' is marked as crashed and should be repaired
insert into stat_globaluid set
statuid='20260518005025_1807',
dt='1779040225',
phpself='/ULIB62015/dublinfull.php',
agent='Mozilla/5.0 AppleWebKit/537.36 (KHTML, like Gecko; compatible; ClaudeBot/1.0; +claudebot@anthropic.com)',
yea='2026',
mon='5',
dat='18',
ip='216.73.216.45'
mysqli: Table './ulib62015/stathist_viewbib_bib_type' is marked as crashed and should be repaired
insert into stathist_viewbib_bib_type set
dat='18' ,
mon='05' ,
yea='2026' ,
statuid='20260518005025_1807' ,
head='32331' ,
foot='marc' ,
dt='1779040225'
| LEADER : 00000nam 2200000uu 4500 |
| 001 32331 |
| 003 ULIB |
| 008 100628s||||||||th 000 0 tha d |
| 020 ^a974-03-2500-0
|
| 082 0 ^aQ180.A1^bส721น
|
| 100 0 ^aสิทธิ์ ธีรสรณ์
|
| 245 00 ^aแนวคิดพื้นฐานทางการวิจัย
|
| 260 ^aกรุงเทพฯ:^aมหาวิทยาลัยจุฬาลงกรณ์,^c2553
|
| 300 ^a293 หน้า
|
| 945 ^p220^l0^i013044
|
| 945 ^p0^l0^i013045
|
| 945 ^p0^l0^i013046 |
| 999 ^alib
|
| คุณยังไม่ได้ล็อกอิน คุณสามารถมีกิจกรรมร่วมกับเว็บไซต์ได้ แต่ต้องล็อกอินก่อน :: |
|
|
|
|
ยังไม่เคยถูกคอมเมนท์
|
| คอมเมนท์ทรัพยากรรายการนี้ |
|